书目信息 |
| 题名: |
Access2000入门与提高
|
|
| 作者: | 姜晓铭 , 杜吉祥 主编 | |
| 分册: | ||
| 出版信息: | 北京 国际文化出版公司 1999.09 |
|
| 页数: | 287页 | |
| 开本: | 16开 | |
| 丛书名: | ||
| 单 册: | ||
| 中图分类: | TP311.13 | |
| 科图分类: | ||
| 主题词: | 软件 | |
| 电子资源: | ||
| ISBN: | 7-80105-799-6 | |
| 000 | 00612nam0 2200205 45 | |
| 001 | 0012011496 | |
| 005 | 20001201145300.2 | |
| 010 | @a7-80105-799-6@d25.80元 | |
| 100 | @a20001201d1999 km y0chiy0120 ea | |
| 101 | 0 | @achi |
| 105 | @a z 000yy | |
| 200 | 1 | @aAccess2000入门与提高@AAccess2000 Ru Men Yu Ti Gao@f姜晓铭,杜吉祥主编@FJiang Xiao Ming,Du Ji Xiang Zhu Bian |
| 210 | @a北京@c国际文化出版公司@d1999.09 | |
| 215 | @a287页@d16开 | |
| 606 | 0 | @a软件 |
| 690 | @aTP311.13@v3 | |
| 701 | 0 | @a姜晓铭@4主编 |
| 701 | 0 | @a杜吉祥@4主编 |
| 801 | @aCN@bPftUser@c20001201 | |
| 905 | @b509330-331@dTP311.13@eJ542@f2 | |
| Access2000入门与提高/姜晓铭,杜吉祥主编.-北京:国际文化出版公司,1999.09 |
| 287页;16开 |
| ISBN 7-80105-799-6:25.80元 |
| ● |
| 相关链接 |
|
|
|
正题名:Access2000入门与提高
索取号:TP311.13/J542
 
预约/预借
| 序号 | 登录号 | 条形码 | 馆藏地/架位号 | 状态 | 备注 |
| 1 | 509330 | 205093307 | 自科库301/301自科库 47排3列5层/ [索取号:TP311.13/J542] | 在馆 | |
| 2 | 509331 | 205093316 | 期刊室512/301自科库 70排2列4层/ [索取号:TP311.13/J542] | 在馆 |